000 01051nac a22003257a 4500
001 BR8600409
003 BR-BrBNA
005 20240105120356.0
008 230509b bl.|||m| |||| 00| 0 por d
040 _aBR-BrBNA
_bpor
_cBiblioteca Nacional de Agricultura
072 _aF04
090 _a0336 BR8600409
100 1 _aSfredo, G.J.
100 1 _aPaludzysyn Filho, E.
100 1 _aGomes, E.R.
110 1 _aCentro Nacional de Pesquisa de Soja, Londrina, PR (Brasil)
_91793
245 1 _aPesquisa com adubacao e calagem para soja na regiao de Balsas, Maranhao
246 1 _a[Research with fertilization and liming for soybean in Balsas, Maranhao]
260 3 _aLondrina, PR (Brasil):
_c1985.
300 _a7 p.
490 _aPesquisa em Andamento - Centro Nacional de Pesquisa de Soja (Brazil)
_vno. 8
_xISSN 0100-7306
500 _a6 tables
650 _aSOJA
650 _aADUBACAO
650 _aFOSFORO
650 _aPOTASSIO
650 _aCALAGEM
909 _a202312
_bLúcia Elande
_c55
_dLúcia Elande
942 _2AGRIS
_n0
_cMS
999 _c279135
_d279135